Lectures on linear groups

Αποθηκεύτηκε σε:
Λεπτομέρειες βιβλιογραφικής εγγραφής
Κύριος συγγραφέας: O'Meara, O. T. (Onorato Timothy), 1928-2018
Συγγραφή απο Οργανισμό/Αρχή: Conference Board of the Mathematical Sciences
Μορφή: Βιβλίο
Γλώσσα:English
Δημοσίευση: Providence : Published for the Conference Board of the Mathematical Sciences by the American Mathematical Society, [1974]
Σειρά:Regional conference series in mathematics ; ; 22
Θέματα:
Ετικέτες: Προσθήκη ετικέτας
Δεν υπάρχουν, Καταχωρήστε ετικέτα πρώτοι!

MARC

LEADER 00000cam a2200000 i 4500
001 1/46954
008 941103s1974 eng d
020 |a 0821816721 
035 |l 10042934 
035 |a 1993 
040 |a GR-MY-UA  |b gre  |e aacr 
041 0 |a eng 
082 0 |a 512.2 
100 1 |a O'Meara, O. T.   |q (Onorato Timothy),   |d 1928-2018. 
245 1 0 |a Lectures on linear groups /  |c by O. T. O'Meara 
260 |a Providence :   |b Published for the Conference Board of the Mathematical Sciences by the American Mathematical Society,   |c [1974] 
300 |a vii, 87 p;  |b illus;  |c 26 cm 
490 1 |a Regional conference series in mathematics  |v ; 22 
500 |a "Expository lectures from the CBMS Regional Conference held at Arizona State University, March 26-30, 1973." 
650 0 0 |a Matrix groups. 
650 0 0 |a Matrices. 
650 0 0 |a Automorphisms. 
650 0 0 |a Transformations (Mathematics) 
710 2 |a Conference Board of the Mathematical Sciences. 
830 0 |a Regional conference series in mathematics ;  |v ; 22 
852 |a INST  |b SAMOS  |e 19941103  |h 512.2 OME  |p 005300007459  |q 005300007459  |t BK  |y 0 
909 |a Σ  |b 033600